| 000 | 00000nas 2200000zi 4500 |
| 001 | 9.871612 |
| 003 | CaOODSP |
| 005 | 20221107163432 |
| 006 | m o d f |
| 007 | cr ||||||||||| |
| 008 | 190415d19851991oncuu p or f0###a0eng|d |
| 022 | # |y0838-9845 |
| 040 | |aCaOODSP|beng|erda|cCaOODSP |
| 043 | |an-cn--- |
| 086 | 1 |aC2-90E-PDF |
| 245 | 00|aCanadian medical device directory. |
| 264 | 1|aOttawa : |bHealth Care Products Division, Resource Processing Industries Branch (IRPI), Department of Regional Industrial Expansion, |c1985-[1991]. |
| 310 | |aTriennial |
| 336 | |atext|btxt|2rdacontent |
| 337 | |acomputer|bc|2rdamedia |
| 338 | |aonline resource|bcr|2rdacarrier |
| 362 | 1 |aCeased with 1991? |
| 500 | |aTitle from cover. |
| 500 | |aDigitized edition from print [produced by Innovation, Science and Economic Development Canada]. |
| 500 | |aDescription based on: 1985. |
| 500 | |aIssued also in French under title: Le répertoire des produits médicaux canadiens. |
| 520 | 2 |a"The 1985 Canadian Medical Device Directory (MDD) has been designed to provide purchasers of health care equipment and supplies with a comprehensive reference guide to sources of made-in-Canada products: The information listed was obtained through a survey of manufacturers. of medical devices in Canada. ... The MDD has been simplified and expanded over its predecessor 'Made-in-Canada Health Care Products'. It now includes almost 400 manufacturers and over 1,200 generic descriptions"--Introduction, 1985. |
| 550 | |aIssued 1988 by Biotechnology and Health Care Products Directorate, Department of Regional Industrial Expansion; 1991 by Chemicals and Bio-Industries Directorate in collaboration with Business Opportunities Sourcing System (BOSS), Industry, Science and Technology Canada. |
| 692 | 07|2gccst|aMedical products |
| 692 | 07|2gccst|aMedical products industry |
| 692 | 07|2gccst|aDirectories |
| 710 | 1 |aCanada. |bIndustry, Science and Technology Canada. |
| 710 | 1 |aCanada. |bDepartment of Regional Industrial Expansion. |
| 775 | 08|tLe répertoire des produits médicaux canadiens.|w(CaOODSP)9.871615 |